00637nam a2200169Ia 4500008004100000020001800041040001800059041000800077100003000085245014000115260006900255300001800324504005500342650002400397650001800421650002800439130821s2012 ck gr spa  a9789584608529 aCo-BoUCMbspa00aspa1 aDíaz Pedrozo, Alexander13aEl principio de favorabilidad procesal penal y la coexistencia de sistemas procesales problemas y propuestascAlexander Díaz Pedrozo aBogotá (Colombia)bEdiciones Jurídica Andrés Moralesc2012 a170 páginas aIncluye bibliografía, doctrinas, jurisprudencias04aProcedimiento penal04aDerecho penal04aFavorabilidad (Derecho)